00754cam a2200229 a 4500001000800000005001700008008004100025010001700066020002200083040001800105041000800123080001600131082002000147100000700167101000800174245014400182504002500326906004500351942001200396999001700408952009900425238881820180111065029.0850222s1985 ncua b 000 0 eng  a 85060681  a0892780509 (pbk.) aDLCcDLCdDLC aeng a599.734 PHI00a599.734 PHI2191 a11 aBIO10aDissection of the fetal pig /cRoger E. Phillips, Jr. ; illustrated by Sandra Shomaker ; consultant on art and anatomy, Kenneth W. Perkins. aBibliography: p. 55. a7bcbccorignewd3eopcnf19gy-gencatlg 2ddccBK c40101d40101 00102ddc4070a002b002d2018-01-11l0o599.734 PHIp002-2994878r2018-01-11w2018-01-11yBK